000 00432nam a2200169Ia 4500
008 230524s9999 xx 000 0 und d
020 _a8187433299
082 _a5.133
_bCHA
100 _aBhupendra Chhabra
245 0 _a"The Intel 8086/8088 Micro Processor (Architecture, ?.)"
250 _a1ST
260 _aNEW DELHI
_bDhanpatrai
_c1999
300 _a479
500 _aQuantity Number: 3
650 _aComp-Sc
942 _cBK
999 _c25622
_d25622